000
00343nam a2200133Ia 4500
008
151001s9999||||xx |||||||||||||| ||und||
100
_a
अरुण शेवते
245
_a
निवडक ऋतू रंग
250
_a
1
260
_b
लोकवाङ्मय गृह
260
_c
2014
300
_a
648
365
_b
21
999
_c
1001096
_d
1001093